000 00610nam a22002177a 4500
003 KOHA_MİRAKIL
005 20260406114615.0
008 260406b tu ||||| |||| 00| 0 tur d
020 _a9789750192715
040 _aTR-AnABB
_btur
_cTR-AnABB
041 _atur
082 _a814.42
_bOZE 2007
100 1 _aÖzer, Ahmet
245 1 0 _aKemençenin telinden /
_cAhmet Özer
260 _aTrabzon :
_bKıyı dergisi yayınları,
_c2007
300 _a224 sayfa ;
_c20 cm
500 _ayazar imzalı
650 0 4 _aTürk edebiyatı ,deneme
900 _bCan ÇELIK
942 _2ddc
_cBK
999 _c10145
_d10145